Jazyková politika Európskej únie - jej vývin a súčasné trendy dizertačná práca

Saved in:
Bibliographic Details
Main Author: Strelinger, Ján, 1964-
Corporate Author: Ekonomická univerzita v Bratislave. Fakulta medzinárodných vzťahov
Other Authors: Breveníková, Daniela
Format: Book
Language:Slovak
Published: Bratislava 2015
Subjects:
Tags: Add Tag
No Tags, Be the first to tag this record!

MARC

LEADER 00000nbm a2200000 4500
001 0205523
005 20230302104849.6
041 0 |a slo 
044 |a SK 
245 1 0 |a Jazyková politika Európskej únie - jej vývin a súčasné trendy  |b dizertačná práca  |c Ján Strelinger ; školiteľ: Daniela Breveníková 
264 1 |a Bratislava  |c 2015 
300 |a 122 s. 
610 2 0 |a Európska únia 
610 2 0 |a jazyk odborný 
610 2 0 |a jazyky cudzie 
610 2 0 |a prekladatelia 
610 2 0 |a tlmočníci 
100 1 |a Strelinger, Ján, 1964- 
700 1 |a Breveníková, Daniela 
710 2 |a Ekonomická univerzita v Bratislave. Fakulta medzinárodných vzťahov